000 00446nam a22001337a 4500
040 _cNUST
082 _a200 THE
100 _aSYED ZULFIQAR HUSSAIN
_9108218
110 _aDR RIZWAN SAEED
_9108219
245 _aTH-SOF-0877-INVESTIGAATION OF COMMPRESSIIVE PROOPERTIEES OF3D WOVEN FIBER REINFORCED POLYMERIC COMPOSITES THROUGH COMBINED END
260 _aISLAMABAD:
_bNUST COLLEGE OF EME,
_c2014.
650 _aMS-MECH-60
_991329
942 _2ddc
_cTHE
999 _c593074
_d593074